000 00969nam a2200277 a 4500
001 414
003 BR-CuiBMT
005 20231123170030.0
008 230904s2015 bab 000 0 por d
020 _a9788544205075
040 _aBR-CuiBMT
_cBR-CuiBMT
080 _22007
_a35.086:343.35
090 _a35.086:343.35
_bM455i
100 1 _aMaurício Junior, André Jackson de Holanda
245 1 0 _aImprobidade administrativa :
_bLei n. 8.429/92 /
_cAndré Jackson de Holanda Maurício Junior, Ronny Charles Lopes de Torres.
260 _aSalvador :
_bJusPODIVM,
_c2015.
300 _a668 p. ;
_c21 cm
490 1 _aColeção leis especiais para concursos ;
_vv. 23
504 _aInclui bibliografia.
650 _aProcesso administrativo
650 _aAgente público
_xResponsabilidade
650 _aCrime contra administração pública
700 1 _aTorres, Ronny Charles Lopes de
830 0 _aColeção leis especiais para concurso ;
_v23
942 _2udc
_cLV
999 _c414
_d414